=LDR 00000nam 2200000 4500 =001 INLIS000000000035288 =005 20130612141147 =008 ***********************************ind** =035 ##$$0010-061300000035288 =041 ##$$a ind =082 ##$$a 342.02 =090 ##$$a 342.02, Har,t =100 ##$$a Harjono =245 ##$$a Tranformasi Demokrasi, Harjono =260 ##$$a 2009 $b Jakarta =300 ##$$a xii, 280 hlm., 21 cm =650 ##$$a Undang-Undang Dasar Demokrasi =850 ##$$a NBPNMAT